Congreso /
En este ensayo se comentan diversas reformas que se han presentado en las Constituciones Políticas de algunos países de América Latina en los últimos años respecto al reconocimeinto de los derechos de los Pueblos Indígenas. Se hace un resumen de esos textos y se comentan los más trascendentales aspe...
Saved in:
| Main Author: | |
|---|---|
| Corporate Author: | |
| Other Authors: | |
| Format: | Text |
| Published: |
San José:
SIEDIN
|
| Subjects: | |
| Tags: |
Add Tag
No Tags, Be the first to tag this record!
|
MARC
| LEADER | 00000 a a2200000 04500 | ||
|---|---|---|---|
| 001 | 31697 | ||
| 003 | |||
| 040 | |||
| 020 | |a 9977-15-116-4 | ||
| 090 | |a 198113 | ||
| 100 | |a Arias Quirós, Ana Cecilia | ||
| 110 | |a Universidad de Costa Rica | ||
| 245 | |a Congreso / |c Ana Cecilia Arias Quirós | ||
| 260 | |a San José: |b SIEDIN | ||
| 300 | |a 289 p. | ||
| 520 | |a En este ensayo se comentan diversas reformas que se han presentado en las Constituciones Políticas de algunos países de América Latina en los últimos años respecto al reconocimeinto de los derechos de los Pueblos Indígenas. Se hace un resumen de esos textos y se comentan los más trascendentales aspectos que describen un interesante sendero por donde transitar los derechos indígenas en el futuro | ||
| 650 | |a POBLACION INDIGENA | ||
| 650 | |a REFORMA CONSTITUCIONAL | ||
| 650 | |a DERECHOS CIVILES | ||
| 700 | |a comp. |a Bozzoli Vargas, María Eugenia |a comp. |a Chang Vargas, Gisella |a comp. |a Rojas Garro, Myrna |a comp. | ||
| 999 | |c 16387 |d 16387 | ||



